000 01387cam a22004094i 4500
003 PE-LiUPU
005 20250731175645.0
008 150616s r 000 0 d
020 _a0805410961
035 _a(Sirsi) i9780805410969
040 _aPE-LiUPU
_bspa
_cPE-LiUPU
_erda
049 _aPRUA
082 0 4 _a487.415
_bC83
_221
100 1 _aCox, Steven L.,
_eautor.
245 1 0 _aEssentials of New Testament Greek.
264 1 _aNashville, Tennessee :
_bBroadman & Holman Publishers,
_c1995.
300 _a268 páginas ;
_c28 centímetros
336 _atext
_2rdacontent
337 _aunmediated
_2rdamedia
338 _avolume
_2rdacarrier
504 _aIncluye bibliografía.
505 0 _aGuia del griego biblico.
526 _aP145
526 _aP127
526 _aP97
526 _aP35
526 _aP14
526 _aP07
650 0 4 _aGRIEGO BIBLICO - GRAMATICA - GUIA.
910 _ajck
_bjvq
_cjck
942 _2ddc
_cBOOK
949 _a487.415 C83
_wDEWEY
_c1
_i42438
_lCCODEBUL1
_mBUL
_r0
_sY
_tBOOK
_u2015-6-16
_xTEOLOGIA
_zUNKNOWN
_0COMPRA
_o.STAFF. Colección General
994 _aC0
_bPEPRU
596 _a1
999 _a487.415 C83
_wDEWEY
_c60273
_i42438
_f2021-11-11
_g6
_lCCODEBUL1
_mBUL
_r0
_sY
_tBOOK
_u2015-6-16
_xTEOLOGIA
_zUNKNOWN
_0COMPRA
_o.STAFF. Colección General
_d60273
980 _81
_gALBERTO SANCHEZ Responsable de Automatización